Norway Country Quiz - Statistics

General Stats
  • This quiz has been taken 77,807 times
    20,665 since last reset
  • The average score is 13 of 20
Answer Stats
Hint Answer % Correct
Capital city Oslo
100%
Bordering countries Sweden
98%
Bordering countries Finland
97%
Bordering countries Russia
95%
Sea that lies between Norway and Great Britain North Sea
88%
Word for a long, narrow ocean inlet Fjord
87%
Biggest export Oil
86%
Magnus Carlsen is often considered the greatest ___ player of all time Chess
79%
Second largest city Bergen
75%
Famous painting by Edvard Munch The {Scream}
72%
Founder of the first Norse settlement in Greenland {Erik} the Red
66%
Island chain on which the above is located Svalbard
56%
Sport of skiing and rifle shooting Biathlon
55%
Four-letter word that refers to an epic story of the Viking Age Saga
55%
First person to reach the South Pole Roald Amundsen
54%
Host of the 1994 Winter Olympics Lillehammer
51%
World's northernmost municipality with a population > 1,000 {Longyear}byen
37%
German collaborator during WWII whose name became synonymous with "traitor" Vidkun Quisling
32%
Traditional dish of fish aged in lye Lutefisk
22%
3x Olympic figure skating champion (1928, 1932, 1936) Sonja Henie
16%
No matching quizzes found
Score Distribution
Percent of People with Each Score
Percentile by Number Answered
Your Score History
You have not taken this quiz since the last reset